000
00250nam a2200109Ia 4500
008
190216s9999||||xx |||||||||||||| ||und||
100
_a
Ganga Ratna
245
0
_a
Hindi-Rang Apne Apne
260
_b
Nikil Prasad
650
_a
Hindi
942
_c
BK
999
_c
15479
_d
15479